00467nam a2200157Ia 450000500170000000800410001708200130005810000180007124500390008926000360012830000120016450000130017694200060018995200990019599900150029420250317141108.0240331s9999 xx 000 0 und d bJEYa894 aJeyaraja, A.A 0aPorum manithanum :bwar in the man aWattalabM.M. Publicationc1991 a26 p ., aA Novel  cL 001040708LaWERCLbWERCLcSSCd2024-03-31l0o 894.811 JEYp2387r2024-03-31w2024-03-31yL c3995d3995